[Event "31st WCh U20 Girls"]
[Site "Kocaeli TUR"]
[Date "2013.09.18"]
[Round "6.37"]
[White "Zdilar, Emilija"]
[Black "Gulay, Ayca Nuriye"]
[Result "0-1"]
[WhiteElo "1885"]
[BlackElo "1634"]
[EventDate "2013.09.13"]
[PlyCount "44"]

1.e4 e5 2.Nf3 Qe7 3.Bc4 d6 4.d3 h6 5.Be3 g5 6.h3 c6 7.c3 Bg7 8.a4 f5 9.Qb3
Nf6 10.exf5 d5 11.g4 dxc4 12.Qxc4 Nd5 13.Bc5 Qf6 14.Nbd2 b6 15.Ne4 Qd8 16.
Nd6+ Kd7 17.Nf7 Qe8 18.Nxh8 Bb7 19.Qe4 Bxh8 20.Be3 Kc7 21.O-O-O Nd7 22.h4 
N5f6 0-1

[Event "31st WCh U20 Girls"]
[Site "Kocaeli TUR"]
[Date "2013.09.18"]
[Round "6.38"]
[White "Soydan, Busra"]
[Black "Fuentes Godoy, Lilia Ivonne"]
[Result "1-0"]
[WhiteElo "1709"]
[BlackElo "1829"]
[EventDate "2013.09.13"]
[PlyCount "81"]

1.e4 e5 2.Nf3 d6 3.d4 Nf6 4.Nc3 Nbd7 5.Bc4 Be7 6.O-O h6 7.a4 c6 8.Bb3 Qc7 
9.Nh4 g6 10.f4 Rh7 11.Nf3 exd4 12.Nxd4 Nc5 13.Qe1 Nxb3 14.Nxb3 Be6 15.Qf2 
Bxb3 16.cxb3 b6 17.Kh1 O-O-O 18.Bd2 d5 19.exd5 Nxd5 20.Nxd5 Rxd5 21.Bc3 f5
22.Rae1 Bc5 23.Qf3 Re7 24.Rxe7 Qxe7 25.Re1 Qf7 26.b4 Bd6 27.Qe3 Kd7 28.Qf3
Bf8 29.Qf1 b5 30.Qf2 Kd8 31.axb5 cxb5 32.h3 Bg7 33.Bxg7 Qxg7 34.Ra1 Qd4 
35.Qf3 Rd7 36.Qc6 Qxb2 37.Qa8+ Ke7 38.Rxa7 Kd6 39.Qf8+ Ke6 40.Qg8+ Kf6 41.
Qh8+ 1-0

[Event "31st WCh U20 Girls"]
[Site "Kocaeli TUR"]
[Date "2013.09.19"]
[Round "7.1"]
[White "Aulia, Medina Warda"]
[Black "Bulmaga, Irina"]
[Result "0-1"]
[WhiteElo "2301"]
[BlackElo "2387"]
[EventDate "2013.09.13"]
[PlyCount "78"]

1.e4 c5 2.Nf3 d6 3.d4 cxd4 4.Nxd4 Nf6 5.Nc3 a6 6.Be2 e5 7.Nb3 Be7 8.O-O 
O-O 9.Re1 Be6 10.Bf3 Nbd7 11.a4 h6 12.h3 Rc8 13.Nd2 Kh8 14.Nf1 Rc4 15.Be3 
Qc7 16.Ng3 Rc8 17.Re2 Bf8 18.Rd2 Rb4 19.Qc1 Nb6 20.Na2 Bxa2 21.Bxb6 Qxb6 
22.Rxa2 d5 23.a5 Qc5 24.Qe1 dxe4 25.Nxe4 Qc4 26.b3 Qe6 27.Nxf6 Qxf6 28.Re2
Rb5 29.Ra4 Rd8 30.Rd2 Rc8 31.Qe4 Qg5 32.Qg4 Qxd2 33.Qxc8 Qe1+ 34.Kh2 Kg8 
35.Re4 Qxf2 36.b4 Qd2 37.Be2 Rxb4 38.Bc4 Qg5 39.h4 Qf6 0-1

[Event "31st WCh U20 Girls"]
[Site "Kocaeli TUR"]
[Date "2013.09.19"]
[Round "7.2"]
[White "Wang Jue"]
[Black "Kashlinskaya, Alina"]
[Result "0-1"]
[WhiteElo "2392"]
[BlackElo "2434"]
[EventDate "2013.09.13"]
[PlyCount "110"]

1.e4 e5 2.Nf3 Nc6 3.Bb5 a6 4.Ba4 Nf6 5.O-O Be7 6.Re1 b5 7.Bb3 d6 8.c3 O-O 
9.h3 Nb8 10.d4 Nbd7 11.Nbd2 Bb7 12.Bc2 Re8 13.Nf1 Bf8 14.Ng3 g6 15.Bg5 h6 
16.Bd2 Bg7 17.a4 c5 18.d5 c4 19.b4 cxb3 20.Bxb3 Qc7 21.c4 bxc4 22.Rc1 Nc5 
23.Bxc4 a5 24.Bb5 Rec8 25.Be3 Nfd7 26.Nh4 Qd8 27.Nhf5 gxf5 28.Nxf5 Qf8 29.
Qg4 Nf6 30.Nxh6+ Kh7 31.Qf5+ Kh8 32.Bxc5 Rxc5 33.Rxc5 dxc5 34.Ng4 Nxg4 35.
hxg4 Rd8 36.Re3 Qe7 37.Rh3+ Kg8 38.Qh7+ Kf8 39.Rf3 Rd6 40.Qh3 Bc8 41.Rc3 
Rg6 42.Qe3 Bxg4 43.Rxc5 Bh6 44.Qc3 Bd2 45.d6 Rxd6 46.Qg3 Bb4 47.Rxe5 Rd1+ 
48.Kh2 Qxe5 49.Qxe5 Bd6 50.Kg3 Be6 51.Qxd6+ Rxd6 52.Kf4 Bd7 53.Ke5 Re6+ 
54.Kd5 Bxb5 55.axb5 a4 0-1

[Event "31st WCh U20 Girls"]
[Site "Kocaeli TUR"]
[Date "2013.09.19"]
[Round "7.3"]
[White "Cori Tello, Deysi"]
[Black "Zhai Mo"]
[Result "1-0"]
[WhiteElo "2433"]
[BlackElo "2309"]
[EventDate "2013.09.13"]
[PlyCount "97"]

1.d4 Nf6 2.Nf3 e6 3.e3 b6 4.Bd3 Bb7 5.Nbd2 d5 6.O-O g6 7.Qe2 Ne4 8.Bb5+ c6
9.Bd3 Nxd2 10.Bxd2 Bg7 11.Bb4 Qc7 12.e4 dxe4 13.Bxe4 Nd7 14.c4 c5 15.Bxb7 
Qxb7 16.Bc3 O-O 17.Rac1 Rac8 18.h4 Nf6 19.dxc5 bxc5 20.Rfe1 Rfd8 21.b3 Nh5
22.Bxg7 Nxg7 23.Rcd1 Nf5 24.Qe5 Qe7 25.Ng5 Nd6 26.h5 gxh5 27.Rd3 h4 28.Rf3
h6 29.Nh3 Qf8 30.Rf4 Nf5 31.Rg4+ Kh7 32.Nf4 Rd4 33.Nh5 Rxg4 34.Nf6+ Kg6 
35.Nxg4 Qd8 36.Qe2 Qg5 37.Ne5+ Kg7 38.Nxf7 Qf6 39.Ne5 Rd8 40.Ng4 Qd4 41.
Ne5 Qf4 42.Qh5 Ne7 43.Nf3 Kf6 44.Nxh4 Rd2 45.Nf3 Rxa2 46.Qxc5 a5 47.Qb6 
Qf5 48.Qd8 Qh5 49.Qh8+ 1-0

[Event "31st WCh U20 Girls"]
[Site "Kocaeli TUR"]
[Date "2013.09.19"]
[Round "7.4"]
[White "Saduakasova, Dinara"]
[Black "Arabidze, Meri"]
[Result "0-1"]
[WhiteElo "2326"]
[BlackElo "2379"]
[EventDate "2013.09.13"]
[PlyCount "58"]

1.d4 f5 2.c4 Nf6 3.Nf3 e6 4.g3 d5 5.Bg2 c6 6.O-O Bd6 7.b3 Qe7 8.Ne5 O-O 9.
Nd2 b6 10.cxd5 exd5 11.Ndf3 Bb7 12.Bf4 Ne4 13.Qc1 a5 14.a4 c5 15.Nd3 Na6 
16.Bxd6 Qxd6 17.Qf4 Qe7 18.Rfc1 Rac8 19.h4 c4 20.bxc4 dxc4 21.Nde5 c3 22.
Ng5 Nb4 23.Nxe4 fxe4 24.Qe3 c2 25.Nd3 Rc3 26.Qd2 Rxd3 27.exd3 exd3 28.d5 
Qf7 29.Ra3 Qxf2+ 0-1

[Event "31st WCh U20 Girls"]
[Site "Kocaeli TUR"]
[Date "2013.09.19"]
[Round "7.5"]
[White "Stetsko, Lanita"]
[Black "Goryachkina, Alexandra"]
[Result "0-1"]
[WhiteElo "2213"]
[BlackElo "2418"]
[EventDate "2013.09.13"]
[PlyCount "58"]

1.e4 c5 2.Nc3 d6 3.f4 Nc6 4.Nf3 g6 5.Bb5 Bd7 6.a4 Bg7 7.O-O e6 8.d3 Nge7 
9.Qe1 Nd4 10.Qf2 O-O 11.Be3 Nec6 12.Bxc6 Nxf3+ 13.Qxf3 Bxc6 14.Qg3 f5 15.
e5 Qc7 16.d4 cxd4 17.Bxd4 dxe5 18.Bxe5 Bxe5 19.fxe5 Qb6+ 20.Kh1 Rfd8 21.
Qg5 Qxb2 22.Qf6 Re8 23.Ne2 Qb4 24.Nf4 Qe7 25.Qxe7 Rxe7 26.Rfd1 Rc8 27.h4 
Be4 28.Rd6 Rxc2 29.Nxe6 Rxg2 0-1

[Event "31st WCh U20 Girls"]
[Site "Kocaeli TUR"]
[Date "2013.09.19"]
[Round "7.6"]
[White "Padmini, Rout"]
[Black "Monnisha, Gajendra Babu Kannaiyan"]
[Result "1-0"]
[WhiteElo "2312"]
[BlackElo "2094"]
[EventDate "2013.09.13"]
[PlyCount "97"]

1.e4 e5 2.Nf3 Nc6 3.Bb5 a6 4.Bxc6 dxc6 5.O-O f6 6.d4 Bg4 7.dxe5 Qxd1 8.
Rxd1 fxe5 9.Rd3 Bd6 10.Nbd2 b5 11.b3 Ne7 12.Bb2 Ng6 13.g3 Rf8 14.Kg2 O-O-O
15.h3 Be6 16.Rd1 Rf6 17.Ng5 Bg8 18.h4 h6 19.Nh3 c5 20.h5 c4 21.bxc4 bxc4 
22.Rc3 Bb4 23.hxg6 Be6 24.Ng1 Bg4 25.f3 Bxc3 26.Bxc3 Bh5 27.Bxe5 c3 28.
Bxc3 Rc6 29.Ne2 Bxg6 30.Kf2 Bf7 31.a3 g6 32.Ke3 h5 33.Rc1 g5 34.Bb4 Rh8 
35.Nd4 Rb6 36.Bc5 Rbh6 37.Nf5 R6h7 38.f4 g4 39.e5 Be6 40.Nh4 Kb7 41.Ne4 
Bc4 42.f5 Rd8 43.Nf6 Rhh8 44.Ng6 Rh6 45.Be7 Rc8 46.Kf4 Bf7 47.Kg5 Bxg6 48.
fxg6 Rhh8 49.g7 1-0

[Event "31st WCh U20 Girls"]
[Site "Kocaeli TUR"]
[Date "2013.09.19"]
[Round "7.7"]
[White "Abdumalik, Zhansaya"]
[Black "Pujari, Rucha"]
[Result "1-0"]
[WhiteElo "2277"]
[BlackElo "2154"]
[EventDate "2013.09.13"]
[PlyCount "117"]

1.e4 e5 2.Nf3 Nc6 3.Bb5 a6 4.Ba4 Nf6 5.O-O Be7 6.Re1 b5 7.Bb3 d6 8.c3 O-O 
9.h3 Nb8 10.d4 Nbd7 11.Nbd2 Bb7 12.Bc2 Re8 13.Nf1 Bf8 14.Ng3 g6 15.a4 Bg7 
16.Bd3 c6 17.Bg5 Nf8 18.Qd2 Ne6 19.Be3 Qc7 20.b4 Nd7 21.Rec1 Nb6 22.a5 Nd7
23.dxe5 Nxe5 24.Nxe5 dxe5 25.Qe1 Qe7 26.c4 Rad8 27.Bf1 Nd4 28.Rab1 h5 29.
f3 Bc8 30.Qf2 h4 31.Ne2 f5 32.Nc3 f4 33.Bd2 Be6 34.Be1 Bf6 35.Nd1 g5 36.
Nb2 Kg7 37.cxb5 cxb5 38.Nd3 Rd6 39.Nc5 Bc8 40.Rc3 Nc6 41.Nd3 Red8 42.Rbc1 
Qe8 43.Qb2 Be6 44.Nc5 Nd4 45.Nb7 Be7 46.Bf2 Qf8 47.Rc7 Kf6 48.Nxd8 Rxd8 
49.Be1 Nb3 50.R1c6 Rd6 51.Bc3 Nd4 52.Rxd6 Bxd6 53.Ra7 Nc6 54.Rxa6 Qc8 55.
Bxb5 Bd7 56.Bf1 Be6 57.Bb5 Bd7 58.Qd2 Ke7 59.Qd5 1-0

[Event "31st WCh U20 Girls"]
[Site "Kocaeli TUR"]
[Date "2013.09.19"]
[Round "7.8"]
[White "Hejazipour, Mitra"]
[Black "Qiu Mengjie"]
[Result "1-0"]
[WhiteElo "2256"]
[BlackElo "2091"]
[EventDate "2013.09.13"]
[PlyCount "73"]

1.d4 Nf6 2.Nf3 g6 3.c4 Bg7 4.g3 d5 5.cxd5 Nxd5 6.Bg2 Nb6 7.Nc3 Nc6 8.e3 
O-O 9.O-O Re8 10.Qe2 e5 11.dxe5 Nxe5 12.Nxe5 Bxe5 13.Rd1 Qe7 14.e4 c6 15.
Be3 Be6 16.f4 Bg7 17.Rac1 Nc4 18.Bf2 Qb4 19.b3 Bxc3 20.bxc4 Red8 21.Bf1 b6
22.f5 gxf5 23.exf5 Bxf5 24.Qf3 Rxd1 25.Rxd1 Bg6 26.Qxc6 Qf8 27.Qc7 Qe8 28.
Bg2 Be4 29.Qf4 Bxg2 30.Kxg2 Qc6+ 31.Kg1 Re8 32.Rd5 Qe6 33.Rg5+ Kf8 34.c5 
Qxa2 35.Qd6+ Re7 36.Qh6+ Ke8 37.Rg8+ 1-0

[Event "31st WCh U20 Girls"]
[Site "Kocaeli TUR"]
[Date "2013.09.19"]
[Round "7.9"]
[White "Enkhtuul, Altanulzii"]
[Black "Rodriguez Rueda, Paula Andrea"]
[Result "0-1"]
[WhiteElo "2202"]
[BlackElo "2225"]
[EventDate "2013.09.13"]
[PlyCount "98"]

1.Nf3 Nf6 2.g3 b6 3.Bg2 Bb7 4.d4 e6 5.c4 Be7 6.O-O O-O 7.Nc3 Ne4 8.Qc2 
Nxc3 9.bxc3 f5 10.Ne1 Bxg2 11.Nxg2 c5 12.d5 Bf6 13.a4 Na6 14.Rd1 Qe7 15.a5
exd5 16.Rxd5 Nb4 17.cxb4 Bxa1 18.bxc5 bxc5 19.Bf4 Qf6 20.Ne3 Rae8 21.Bd6 
Rf7 22.Bxc5 f4 23.Rf5 Qg6 24.Rxf7 Qxf7 25.Nd5 f3 26.exf3 Qxf3 27.Ne3 a6 
28.Qa4 Qc6 29.Qxa1 Qxc5 30.Qc3 d6 31.Kg2 Kh8 32.Qd3 Rc8 33.Kg1 Rb8 34.h4 
Rf8 35.Kg2 Qe5 36.Ng4 Qf5 37.Qe2 Qxa5 38.Ne3 Qe5 39.Qd3 a5 40.f4 Qc5 41.
Qe4 a4 42.Qe7 Rc8 43.f5 Qe5 44.Qd7 Qe8 45.Qa7 Qe4+ 46.Kf2 Re8 47.f6 gxf6 
48.Nd5 Qc2+ 49.Kf1 Qxc4+ 0-1

[Event "31st WCh U20 Girls"]
[Site "Kocaeli TUR"]
[Date "2013.09.19"]
[Round "7.10"]
[White "Rakhmangulova, Anastasiya"]
[Black "Ibrahimova, Sabina"]
[Result "0-1"]
[WhiteElo "2194"]
[BlackElo "2202"]
[EventDate "2013.09.13"]
[PlyCount "116"]

1.e4 c5 2.Nf3 Nc6 3.d3 g6 4.g3 Bg7 5.Bg2 d6 6.O-O Nf6 7.h3 O-O 8.Nc3 Rb8 
9.a4 a6 10.Be3 Qc7 11.Qd2 b5 12.axb5 axb5 13.Bh6 Nd4 14.Bxg7 Nxf3+ 15.Bxf3
Kxg7 16.Bg2 b4 17.Ne2 Bb7 18.g4 c4 19.Ng3 Rfc8 20.d4 c3 21.bxc3 Qxc3 22.
Qg5 Kh8 23.e5 Bxg2 24.Kxg2 dxe5 25.dxe5 Nd5 26.Rae1 Rc4 27.Re4 Rxe4 28.
Nxe4 Qxc2 29.Re1 Qc6 30.Kg1 f6 31.Qd2 b3 32.Qb2 Qc2 33.Qd4 Qc6 34.g5 Rb4 
35.Qb2 Qc2 36.Qa1 Rxe4 37.Qa8+ Kg7 38.exf6+ exf6 39.Qb7+ Kf8 40.Qa8+ Ke7 
41.Ra1 b2 42.Ra7+ Nc7 43.Rxc7+ Qxc7 44.Qxe4+ Kf7 45.Qd5+ Kf8 46.Qa8+ Kg7 
47.gxf6+ Kh6 48.Qe4 g5 49.Kg2 Qf4 50.Qb7 Qxf6 51.Qb5 Qd4 52.Qc6+ Kh5 53.
Qf3+ Kg6 54.Qc6+ Kf5 55.Qf3+ Ke5 56.Qg3+ Ke6 57.Qb8 Qe4+ 58.f3 Qc2+ 0-1

[Event "31st WCh U20 Girls"]
[Site "Kocaeli TUR"]
[Date "2013.09.19"]
[Round "7.11"]
[White "Martinez, Ayelen"]
[Black "Khademalsharieh, Sarasadat"]
[Result "0-1"]
[WhiteElo "2101"]
[BlackElo "2303"]
[EventDate "2013.09.13"]
[PlyCount "98"]

1.e4 e5 2.Nf3 Nc6 3.Bb5 a6 4.Ba4 Nf6 5.O-O Be7 6.Re1 b5 7.Bb3 d6 8.c3 O-O 
9.h3 Nb8 10.d4 Nbd7 11.Nbd2 Bb7 12.Bc2 Re8 13.Nf1 Bf8 14.Ng3 g6 15.b3 Bg7 
16.Bb2 c6 17.Qd2 Qc7 18.Rad1 Rad8 19.Qc1 Nf8 20.dxe5 dxe5 21.Rxd8 Rxd8 22.
Rd1 N6d7 23.b4 c5 24.bxc5 Nxc5 25.Ba3 Nfe6 26.Rxd8+ Qxd8 27.Qd2 Qc7 28.Ng5
Nxg5 29.Qxg5 Ne6 30.Qe7 Qc6 31.Bb2 Bf8 32.Qf6 Qd6 33.Bc1 Qc7 34.Qf3 b4 35.
Ne2 Nd4 36.cxd4 Qxc2 37.d5 Qxa2 38.Bg5 Qc2 39.Bf6 Bg7 40.Ng3 b3 41.d6 Bc8 
42.Bxg7 b2 43.Bxe5 b1=Q+ 44.Kh2 Qcc1 45.Nh5 f5 46.exf5 Qxf5 47.Bf4 Qc4 48.
g4 Qff7 49.Qa8 gxh5 0-1

[Event "31st WCh U20 Girls"]
[Site "Kocaeli TUR"]
[Date "2013.09.19"]
[Round "7.12"]
[White "Nguyen Thi Mai Hung"]
[Black "Kuchava, Ana"]
[Result "1/2-1/2"]
[WhiteElo "2222"]
[BlackElo "2092"]
[EventDate "2013.09.13"]
[PlyCount "98"]

1.d4 d5 2.Bf4 Nf6 3.e3 e6 4.Nf3 Bd6 5.Ne5 O-O 6.Nd2 c5 7.c3 cxd4 8.exd4 
Ne4 9.Ndf3 f6 10.Nd3 Bxf4 11.Nxf4 Qd6 12.Nd3 Nc6 13.Be2 b5 14.O-O Rb8 15.
a3 a5 16.Qc2 e5 17.Rfd1 Rd8 18.b4 Bg4 19.Nc5 Bxf3 20.Bxf3 Ng5 21.Bg4 e4 
22.Qd2 g6 23.Rdb1 a4 24.h4 Nf7 25.g3 f5 26.Bh3 Rf8 27.Kg2 Qe7 28.Qf4 Nd6 
29.Ra2 Nc4 30.Kh2 Kg7 31.Bf1 Nd6 32.Re1 h6 33.f3 g5 34.hxg5 hxg5 35.Qc1 
Kg6 36.Kg1 Rh8 37.Rg2 Rbe8 38.g4 f4 39.fxe4 f3 40.Bd3 Kg7 41.Rf2 Rh4 42.e5
Reh8 43.Rxf3 Rh1+ 44.Kg2 R8h2+ 45.Kg3 Rh3+ 46.Kg2 R3h2+ 47.Kg3 Rh3+ 48.Kf2
R3h2+ 49.Kg3 Rh3+ 1/2-1/2

[Event "31st WCh U20 Girls"]
[Site "Kocaeli TUR"]
[Date "2013.09.19"]
[Round "7.13"]
[White "Vo Thi Kim Phung"]
[Black "Derakhshani, Dorsa"]
[Result "0-1"]
[WhiteElo "2219"]
[BlackElo "2078"]
[EventDate "2013.09.13"]
[PlyCount "192"]

1.d4 Nf6 2.Bf4 e6 3.e3 c5 4.c3 Nc6 5.Nd2 d5 6.Bg3 Bd6 7.f4 Qb6 8.Rb1 Ne7 
9.Bd3 Nf5 10.Qf3 Bd7 11.Bf2 cxd4 12.exd4 h5 13.h3 Bb5 14.Ne2 Bxd3 15.Qxd3 
Qc6 16.O-O Rh6 17.Rbe1 Kf8 18.Nf3 Qc7 19.Ng3 Ne7 20.Ne5 h4 21.Ne2 Nf5 22.
Qf3 Ne4 23.Rd1 f6 24.Ng4 Rh7 25.Be1 b5 26.Qd3 a6 27.b3 Qc6 28.Rc1 Ba3 29.
Rc2 Rc8 30.Nf2 Rh6 31.Ng4 Rh7 32.Rf3 Be7 33.Nf2 Nfd6 34.Nd1 f5 35.Ne3 Bf6 
36.Kh2 g6 37.Bd2 Qb6 38.Bc1 Qa5 39.Bd2 Qb6 40.Be1 Qc6 41.Rc1 Rhc7 42.Nc2 
a5 43.Ne3 Qd7 44.Ra1 Rb7 45.Nc2 Qc7 46.Rc1 Qd7 47.Rb1 Qc7 48.Rc1 Qd7 49.
Kh1 Rb6 50.Ne3 Rbc6 51.Ra1 Rb6 52.Rc1 Rbc6 53.Rc2 Qc7 54.Rb2 Rb8 55.Nc2 
Rcb6 56.Ne3 Rc8 57.Nc2 Rcb8 58.g3 hxg3 59.Bxg3 Nc4 60.Rb1 Ncd2 61.Rg1 Nxf3
62.Qxf3 Qh7 63.Be1 g5 64.Kg2 Kf7 65.Kf1 Rc6 66.Ne3 Rh8 67.h4 Qxh4 68.Bxh4 
Nd2+ 69.Kf2 Nxf3 70.Kxf3 gxh4 71.Rh1 Rd8 72.Rd1 Be7 73.Kg2 Kg6 74.Kh3 Kh5 
75.Rg1 Bf6 76.a3 b4 77.cxb4 axb4 78.a4 Rdc8 79.Re1 Rg8 80.Kh2 Rc7 81.Rd1 
Rgc8 82.Rd3 Kg6 83.Kh3 Kf7 84.Kg2 Ke7 85.Kh3 Kd6 86.Kh2 Rc2 87.Nxc2 Rxc2 
88.Kg2 Rxe2+ 89.Kf3 Rh2 90.Rd1 Rh3+ 91.Kg2 Rxb3 92.a5 Ra3 93.Rb1 b3 94.a6 
Bxd4 95.Kh3 b2+ 96.Kxh4 Rxa6 0-1

[Event "31st WCh U20 Girls"]
[Site "Kocaeli TUR"]
[Date "2013.09.19"]
[Round "7.14"]
[White "Saranya, J."]
[Black "Xiao Yiyi"]
[Result "0-1"]
[WhiteElo "2094"]
[BlackElo "2163"]
[EventDate "2013.09.13"]
[PlyCount "106"]

1.e4 c5 2.Nf3 e6 3.d4 cxd4 4.Nxd4 Nc6 5.c4 Nf6 6.Nc3 Bb4 7.Nxc6 bxc6 8.Bd3
e5 9.O-O O-O 10.h3 Bc5 11.Kh1 h6 12.f4 d6 13.Qf3 Rb8 14.Ne2 Qe7 15.Rb1 Nd7
16.f5 Nf6 17.g4 d5 18.g5 Nxe4 19.gxh6 Qh4 20.Qg2 g6 21.b4 Nf2+ 22.Rxf2 
Qxf2 23.bxc5 Qxg2+ 24.Kxg2 Bxf5 25.Rxb8 Rxb8 26.Bxf5 gxf5 27.cxd5 cxd5 28.
Nc3 Rc8 29.Nxd5 Rxc5 30.Nf6+ Kh8 31.Ba3 Rc8 32.Bd6 e4 33.Be5 a5 34.h4 a4 
35.h5 a3 36.Nd7+ Kg8 37.Bg7 f6 38.Bxf6 Rc7 39.Ne5 f4 40.Bg5 f3+ 41.Kg3 Rc2
42.Bf6 Rxa2 43.Ng6 Rg2+ 44.Kh3 Rg1 45.Bd4 a2 46.Nf8 f2 47.h7+ Kf7 48.Bxf2 
a1=Q 49.Bxg1 Kxf8 50.h6 Qh8 51.Be3 Qxh7 52.Kg3 Qf5 53.Bf4 Kg8 0-1

[Event "31st WCh U20 Girls"]
[Site "Kocaeli TUR"]
[Date "2013.09.19"]
[Round "7.15"]
[White "Sviridova, Vlada"]
[Black "Gevorgian, Maria"]
[Result "1/2-1/2"]
[WhiteElo "2063"]
[BlackElo "2143"]
[EventDate "2013.09.13"]
[PlyCount "105"]

1.d4 Nf6 2.c4 e6 3.Nf3 c5 4.d5 b5 5.cxb5 exd5 6.Bg5 d4 7.e4 h6 8.Bxf6 Qxf6
9.Nbd2 d6 10.Bd3 Nd7 11.O-O h5 12.Nc4 g6 13.e5 dxe5 14.Nfxe5 Nxe5 15.Nxe5 
Bd6 16.Nc4 Bc7 17.Be4 Rb8 18.Qf3 Qxf3 19.Bxf3 O-O 20.a4 Bf5 21.g3 Bd3 22.
Rfc1 Rfe8 23.Ra3 Bf5 24.a5 Rxb5 25.Bc6 Rbb8 26.Bxe8 Rxe8 27.Rb3 Rc8 28.Rb7
Bb8 29.Nd2 Be6 30.b4 c4 31.Rxc4 Bxc4 32.Nxc4 d3 33.Ne3 Bd6 34.Rxa7 Bxb4 
35.Rd7 d2 36.a6 Ra8 37.a7 Ba5 38.Kf1 Bb6 39.Ke2 Rxa7 40.Rxa7 Bxa7 41.Kxd2 
Kg7 42.h4 Kf6 43.Ke2 Ke5 44.f3 Bb8 45.Kd3 f6 46.f4+ Kd6 47.Ke4 Ba7 48.Nc4+
Ke6 49.Ne3 Bxe3 50.Kxe3 Kd5 51.Kd3 f5 52.Ke3 Kc4 53.Ke2 1/2-1/2

[Event "31st WCh U20 Girls"]
[Site "Kocaeli TUR"]
[Date "2013.09.19"]
[Round "7.16"]
[White "Furtado, Ivana Maria"]
[Black "Imeeva, Aisa"]
[Result "1/2-1/2"]
[WhiteElo "2134"]
[BlackElo "2067"]
[EventDate "2013.09.13"]
[PlyCount "80"]

1.Nf3 Nf6 2.c4 e6 3.Nc3 d5 4.d4 Be7 5.Bg5 Nbd7 6.e3 a6 7.cxd5 exd5 8.Bd3 
O-O 9.O-O c5 10.Bc2 c4 11.a4 Qc7 12.Re1 Bb4 13.Bf5 Qa5 14.Qc2 Re8 15.Rec1 
g6 16.Bh3 Bxc3 17.bxc3 Ne4 18.Bf4 f5 19.Nd2 Nxd2 20.Qxd2 Qd8 21.g3 Nb8 22.
Bxb8 Rxb8 23.Bg2 b6 24.Rcb1 Bb7 25.Qd1 Bc6 26.g4 Qd7 27.gxf5 Qxf5 28.Qf3 
Qxf3 29.Bxf3 Kf7 30.Rb4 Ke6 31.e4 dxe4 32.Rxc4 Kd6 33.Be2 e3 34.d5 exf2+ 
35.Kxf2 Bxd5 36.Rd4 Kc5 37.Bxa6 Re5 38.Rf4 Rf5 39.Rxf5 gxf5 40.Rb1 Bc6 
1/2-1/2

[Event "31st WCh U20 Girls"]
[Site "Kocaeli TUR"]
[Date "2013.09.19"]
[Round "7.17"]
[White "De Seroux, Camille"]
[Black "Stiazhkina, Anna"]
[Result "0-1"]
[WhiteElo "2108"]
[BlackElo "2244"]
[EventDate "2013.09.13"]
[PlyCount "122"]

1.e4 e5 2.Nf3 Nc6 3.d4 exd4 4.Nxd4 g6 5.Nxc6 bxc6 6.Bd3 Bg7 7.O-O Ne7 8.c3
O-O 9.Nd2 d6 10.f4 f5 11.Nf3 fxe4 12.Bxe4 d5 13.Bc2 Rb8 14.Ne5 Qd6 15.Re1 
Nf5 16.Bb3 Kh8 17.Qe2 c5 18.Qf2 Bb7 19.Bd2 Ba6 20.Rab1 Nh6 21.Qh4 Nf7 22.
Nxf7+ Rxf7 23.Bc2 d4 24.f5 gxf5 25.Bf4 Qg6 26.cxd4 Bxd4+ 27.Kh1 Rg7 28.Qh3
Bb7 29.Re2 Rbg8 30.Bg3 Qg4 31.Qxg4 fxg4 32.b3 Rf8 33.Rbe1 Rgf7 34.Re8 Rxe8
35.Rxe8+ Kg7 36.Bd3 Bc6 37.Rc8 h5 38.Rxc7 Rxc7 39.Bxc7 h4 40.h3 gxh3 41.
Bf1 Kg6 42.Kh2 hxg2 43.Bxg2 Bxg2 44.Kxg2 Kf5 45.Kh3 Ke4 46.Kxh4 Kd3 47.Bb8
a6 48.Bd6 Kc3 49.Kg4 Kb2 50.b4 c4 51.a4 c3 52.Kf3 c2 53.Bf4 Kb3 54.Ke4 Bg1
55.b5 a5 56.Kd3 Kb2 57.Kc4 c1=Q+ 58.Bxc1+ Kxc1 59.Kc3 Bf2 60.Kb3 Kd2 61.
Ka3 Kc3 0-1

[Event "31st WCh U20 Girls"]
[Site "Kocaeli TUR"]
[Date "2013.09.19"]
[Round "7.18"]
[White "Assaubaeva, Bibisara"]
[Black "Pavlidou, Ekaterini"]
[Result "0-1"]
[WhiteElo "1761"]
[BlackElo "2216"]
[EventDate "2013.09.13"]
[PlyCount "68"]

1.e4 c5 2.Nf3 Nc6 3.Bb5 g6 4.O-O Bg7 5.Nc3 d6 6.d4 cxd4 7.Nxd4 Bd7 8.Be3 
Nf6 9.Nxc6 bxc6 10.Be2 O-O 11.f4 Qc8 12.Bd4 Qb7 13.e5 dxe5 14.fxe5 Nd5 15.
Ne4 Rad8 16.Nc5 Qb8 17.Nxd7 Rxd7 18.e6 fxe6 19.Bg4 Rxf1+ 20.Kxf1 Nf4 21.c3
Qb5+ 22.Be2 Qxb2 23.Rb1 Qxa2 24.Rb8+ Kf7 25.Bf3 c5 26.Bc6 cxd4 27.Bxd7 
Qxg2+ 28.Ke1 Qg1+ 29.Kd2 Qxh2+ 30.Kc1 Ne2+ 31.Kc2 Nxc3+ 32.Qd2 Qxb8 33.
Qf2+ Bf6 34.Qe1 Qd6 0-1

[Event "31st WCh U20 Girls"]
[Site "Kocaeli TUR"]
[Date "2013.09.19"]
[Round "7.19"]
[White "Adanmis, Ezgi"]
[Black "Iwanow, Anna"]
[Result "0-1"]
[WhiteElo "1499"]
[BlackElo "2210"]
[EventDate "2013.09.13"]
[PlyCount "96"]

1.e4 c5 2.d4 cxd4 3.c3 d3 4.Bxd3 Nc6 5.Nf3 d6 6.O-O g6 7.Qe2 Bg7 8.Rd1 Bg4
9.Nbd2 Qc7 10.h3 Bd7 11.Nb3 Nf6 12.Nbd4 O-O 13.Nb5 Qb8 14.Be3 a6 15.Nbd4 
Re8 16.Bc2 Qc7 17.Rac1 Na5 18.Bd3 e5 19.Nc2 d5 20.Nd2 dxe4 21.Nxe4 Nxe4 
22.Bxe4 f5 23.Bd5+ Kh8 24.c4 Nc6 25.Bc5 b6 26.Ba3 Nd4 27.Nxd4 exd4 28.Qf3 
Rac8 29.Re1 Re5 30.Rxe5 Qxe5 31.Bb7 Re8 32.Bxa6 g5 33.Bb7 g4 34.hxg4 fxg4 
35.Qd5 Qf4 36.Rd1 Re2 37.Rf1 Be8 38.Qd8 h5 39.Be7 Qf7 40.Bg5 Qxb7 41.Bf6 
Bxf6 42.Qxf6+ Qg7 43.Qxb6 d3 44.Rd1 d2 45.Kf1 Qe5 46.Qb4 Bg6 47.a4 Re1+ 
48.Rxe1 dxe1=R+ 0-1

[Event "31st WCh U20 Girls"]
[Site "Kocaeli TUR"]
[Date "2013.09.19"]
[Round "7.20"]
[White "Bezgodova, Maria"]
[Black "Liu Hongyan"]
[Result "1-0"]
[WhiteElo "2172"]
[BlackElo "2065"]
[EventDate "2013.09.13"]
[PlyCount "105"]

1.e4 c5 2.Nf3 e6 3.d4 cxd4 4.Nxd4 a6 5.Nc3 Nc6 6.Be2 Qc7 7.O-O Nf6 8.Be3 
Be7 9.f4 d6 10.Kh1 O-O 11.Qe1 Nxd4 12.Bxd4 b5 13.a3 Nd7 14.Qg3 Bf6 15.Bxf6
Nxf6 16.Bd3 Bb7 17.Rae1 Nd7 18.f5 Kh8 19.Qh4 Nf6 20.Re3 Qb6 21.Rg3 Qd8 22.
fxe6 h6 23.e7 Qxe7 24.Rgf3 Nd5 25.Qxe7 Nxe7 26.Rxf7 Rxf7 27.Rxf7 Re8 28.
Kg1 Kg8 29.Rf1 Nc6 30.Rd1 Ne5 31.Be2 Re6 32.Kf2 Nd7 33.Bg4 Rf6+ 34.Ke3 Nb6
35.b3 g6 36.Nd5 Nxd5+ 37.exd5 Rf8 38.c4 Kg7 39.Rc1 h5 40.Bf3 Rc8 41.Kd4 
Rc5 42.b4 Rxc4+ 43.Rxc4 bxc4 44.Kxc4 Kf6 45.Kd4 Ke7 46.Be2 Kd8 47.a4 Kc7 
48.h4 Bc8 49.Bd3 Kd8 50.Bxg6 Bg4 51.Bd3 Bc8 52.Be2 Bd7 53.a5 1-0

[Event "31st WCh U20 Girls"]
[Site "Kocaeli TUR"]
[Date "2013.09.19"]
[Round "7.21"]
[White "Juhasz, Barbara"]
[Black "Fronda, Jan Jodilyn"]
[Result "0-1"]
[WhiteElo "2169"]
[BlackElo "2038"]
[EventDate "2013.09.13"]
[PlyCount "80"]

1.e4 c5 2.b3 d5 3.exd5 Qxd5 4.Nc3 Qd6 5.Nf3 a6 6.Ne4 Qc7 7.Bb2 Nf6 8.Ng3 
Nc6 9.Be2 e5 10.O-O Bd6 11.d3 O-O 12.Nd2 Nd5 13.Bf3 Nf4 14.Nc4 Nd4 15.Re1 
f6 16.Bxd4 cxd4 17.a4 Bb4 18.Rf1 Rb8 19.Ne2 Ne6 20.a5 Qc5 21.Ng3 Ng5 22.h4
Nxf3+ 23.Qxf3 Be6 24.Ne4 Qc7 25.Qg3 h6 26.Qg6 Rbe8 27.Ra4 Be7 28.Ng3 Qc8 
29.Nh5 Rf7 30.f4 Bf5 31.Qg3 Bg4 32.fxe5 Bxh5 33.exf6 Rxf6 34.Re1 Qg4 35.
Qc7 Qxh4 36.Re4 Rf1+ 37.Kxf1 Qh1+ 38.Kf2 Bh4+ 39.g3 Qf3+ 40.Kg1 Bxg3 0-1

[Event "31st WCh U20 Girls"]
[Site "Kocaeli TUR"]
[Date "2013.09.19"]
[Round "7.22"]
[White "Miladinovic, Lena"]
[Black "Kurbonboeva, Sarvinoz"]
[Result "1/2-1/2"]
[WhiteElo "2080"]
[BlackElo "2120"]
[EventDate "2013.09.13"]
[PlyCount "106"]

1.d4 Nf6 2.Nf3 g6 3.c4 Bg7 4.Nc3 d6 5.e4 O-O 6.Be2 e5 7.O-O exd4 8.Nxd4 
Re8 9.f3 Nc6 10.Be3 Nh5 11.Qd2 f5 12.Rad1 f4 13.Bf2 Ne5 14.b4 c6 15.Nb3 
Be6 16.c5 dxc5 17.Qe1 Qe7 18.Nxc5 Bf7 19.a3 b6 20.N5a4 Rad8 21.b5 cxb5 22.
Bxb5 Rxd1 23.Qxd1 Rd8 24.Nd5 Qb7 25.Nac3 h6 26.Qe2 Be6 27.Rc1 Kh7 28.a4 
Qf7 29.a5 bxa5 30.Qa2 g5 31.Qxa5 Qf8 32.Qxa7 g4 33.fxg4 Nxg4 34.Bh4 Ra8 
35.Qe7 Qxe7 36.Bxe7 Bd4+ 37.Kf1 Nxh2+ 38.Ke1 Rc8 39.Ba6 Rg8 40.Be2 Ng4 41.
Rb1 Nhf6 42.Rb4 Bxc3+ 43.Nxc3 Rg7 44.Bxf6 Nxf6 45.Rb6 Re7 46.Kf2 Kg7 47.
Bf3 Bf7 48.Rb4 Bg6 49.Nd5 Nxe4+ 50.Bxe4 Rxe4 51.Rxe4 Bxe4 52.Nxf4 Kf6 53.
Kg3 Kf5 1/2-1/2

[Event "31st WCh U20 Girls"]
[Site "Kocaeli TUR"]
[Date "2013.09.19"]
[Round "7.23"]
[White "Petrova, Irina"]
[Black "Karabaeva, Zhanna"]
[Result "0-1"]
[WhiteElo "2117"]
[BlackElo "2029"]
[EventDate "2013.09.13"]
[PlyCount "114"]

1.d4 f5 2.c4 Nf6 3.Nc3 g6 4.Nf3 Bg7 5.g3 d6 6.Bg2 O-O 7.O-O c6 8.d5 e5 9.
dxe6 Bxe6 10.Qd3 Na6 11.Ng5 Nc5 12.Nxe6 Nxe6 13.Rd1 Ne8 14.b3 Qf6 15.Bb2 
Qf7 16.e3 g5 17.f4 gxf4 18.exf4 Bd4+ 19.Kh1 Rd8 20.Re1 N8g7 21.Rad1 a6 22.
Qf3 Ba7 23.Ne2 Rfe8 24.Qc3 h5 25.Ng1 h4 26.Nf3 hxg3 27.Rxe6 Rxe6 28.Ng5 
Rh6 29.Qxg3 Nh5 30.Qf3 Qe7 31.Bh3 Qe3 32.Rf1 Qxf3+ 33.Rxf3 Re8 34.Bc3 Be3 
35.Bxf5 Bxf4 36.Nh3 Re3 37.Rxe3 Bxe3 38.Kg2 d5 39.cxd5 cxd5 40.Kf3 d4 41.
Bb2 Rf6 42.Ke4 Rxf5 43.Kxf5 d3 44.Bc3 d2 45.Nf2 Bxf2 46.Bxd2 Kf7 47.Ke5 
Ke7 48.Bg5+ Kd7 49.Kd5 Ng7 50.h4 Ne6 51.Bf6 Nf4+ 52.Kc4 b5+ 53.Kb4 Nd5+ 
54.Ka5 Nxf6 55.Kxa6 Kc6 56.Ka5 Nd5 57.a4 Bb6+ 0-1